Пять прогулок по Пекину (Запись № 10451646)

Подробности
000 -МАРКЕР
контрольное поле 01946nam0a2200373 i 4500
001 - ИДЕНТИФИКАТОР ЗАПИСИ
контрольное поле RU\NLR\BIBL_A\010578424
005 - ИДЕНТИФИКАТОР ВЕРСИИ
контрольное поле 20241105124122.0
010 ## - МЕЖДУНАРОДНЫЙ СТАНДАРТНЫЙ НОМЕР КНИГИ (ISBN)
Номер (ISBN) 9785443702964
Тираж 200
021 ## - НОМЕР ГОСУДАРСТВЕННОЙ РЕГИСТРАЦИИ
Код страны российская федерация
Номер 2014-83079
Номер Листа государственной регистраци 5045
035 ## - ДРУГИЕ СИСТЕМНЫЕ НОМЕРА
Идентификатор записи (NILC)LIBNET\0000489690
035 ## - ДРУГИЕ СИСТЕМНЫЕ НОМЕРА
Идентификатор записи RU\NSU\books\164349
035 ## - ДРУГИЕ СИСТЕМНЫЕ НОМЕРА
Идентификатор записи (NLR Aleph) 010578424
100 ## - ДАННЫЕ ОБЩЕЙ ОБРАБОТКИ
Данные общей обработки 20141226d2014 k y0rusy50 ca
101 0# - ЯЗЫК РЕСУРСА
Язык текста, звукозаписи и т.д. русский
102 ## - СТРАНА ПУБЛИКАЦИИ ИЛИ ПРОИЗВОДСТВА
Страна публикации российская федерация
105 ## - ПОЛЕ КОДИРОВАННЫХ ДАННЫХ: ТЕКСТОВЫЕ МАТЕРИАЛЫ, МОНОГРАФИЧЕСКИЕ
Кодированные данные о монографическом текстовом документе ac||z|||000yy
200 1# - ЗАГЛАВИЕ И СВЕДЕНИЯ ОБ ОТВЕТСТВЕННОСТИ
Основное заглавие Пять прогулок по Пекину
Сведения, относящиеся к заглавию материалы к лекциям
Первые сведения об ответственности С.Т. Кожанов
Последующие сведения об ответственности М-во образования и науки Рос. Федерации, Новосиб. гос. ун-т, Гуманитар. фак., Центр яз. и культуры Китая (Класс Конфуция)
205 ## - СВЕДЕНИЯ ОБ ИЗДАНИИ
Сведения об издании [2-е изд., перераб. и доп.]
210 ## - ПУБЛИКАЦИЯ, РАСПРОСТРАНЕНИЕ И ДР.
Место издания, распространения и т.д. Новосибирск
Имя издателя, распространителя и т. д. Редакционно-издательский центр НГУ
Дата издания, распространения и т.д. 2014
215 ## - ФИЗИЧЕСКАЯ ХАРАКТЕРИСТИКА
Специфическое обозначение материала и объем 236 с.
Другие сведения о физической характеристике ил., портр.
Размеры 20
225 1# - СЕРИЯ
Основное заглавие серии Библиотека Класса Конфуция
607 ## - ГЕОГРАФИЧЕСКОЕ НАИМЕНОВАНИЕ КАК ПРЕДМЕТ
Географическое наименование Пекин, город (Китай)
Формальный подзаголовок Учебные издания для высших учебных заведений
Тематический подзаголовок Архитектура
Системный номер авторитетной/нормативной записи 1022964
Идентификатор авторитетной/нормативной записи RU\NLR\AUTH\6673497
607 ## - ГЕОГРАФИЧЕСКОЕ НАИМЕНОВАНИЕ КАК ПРЕДМЕТ
Географическое наименование Пекин, город (Китай)
Формальный подзаголовок Учебные издания для высших учебных заведений
Тематический подзаголовок История
Системный номер авторитетной/нормативной записи 2244795
Идентификатор авторитетной/нормативной записи RU\NLR\AUTH\661346779
686 1# - ИНДЕКСЫ ДРУГИХ КЛАССИФИКАЦИЙ
Индекс Щ113(5Кит-2Пекин)я73
686 1# - ИНДЕКСЫ ДРУГИХ КЛАССИФИКАЦИЙ
Индекс Т3(5Кит-2П)я73
700 #1 - ИМЯ ЛИЦА - ПЕРВИЧНАЯ ОТВЕТСТВЕННОСТЬ
Начальный элемент ввода Кожанов
Часть имени, кроме начального элемента ввода С. Т.
Даты 1955-
Расширение инициалов личного имени Серикбек Тлепбаевич
801 #0 - ИСТОЧНИК ЗАПИСИ
Страна российская федерация
Организация НБ НовосибирскогоГУ
Дата составления 20141017
801 #1 - ИСТОЧНИК ЗАПИСИ
Страна российская федерация
Организация НБ Новосибирского ГУ
Дата составления 20141023
Правила каталогизации RCR
801 #2 - ИСТОЧНИК ЗАПИСИ
Страна российская федерация
Организация НБ Новосибирского ГУ
Дата составления 20141023
Источник данных rusmarc
942 ## - ДОПОЛНИТЕЛЬНЫЕ ЭЛЕМЕНТЫ ЗАПИСИ (АБИС)
Тип экземпляра АБИС Книга
980 ## - КОЛЛЕКЦИЯ
Название коллекции НБР

Нет доступных экземпляров.